Relaciones de género y subjetividad: debates actuales /
Guardado en:
| Hovedforfatter: | |
|---|---|
| Format: | Texto |
| Fag: | |
| Tags: |
Tilføj Tag
Ingen Tags, Vær først til at tagge denne postø!
|
MARC
| LEADER | 00000 a a2200000 04500 | ||
|---|---|---|---|
| 001 | 209 | ||
| 003 | |||
| 040 | |||
| 100 | |a Meler, Irene | ||
| 245 | |a Relaciones de género y subjetividad: debates actuales / |c Irene Meler | ||
| 650 | |a RELACIONES DE GENERO | ||
| 650 | |a ROL DE LA MUJER | ||
| 650 | |a PSICOANALISIS | ||
| 773 | |g volumen 18, número 105 Nuev; páginas 177-183 | ||
| 999 | |c 27683 |d 27683 | ||
| 773 | 0 | |0 18811 |9 3319 |a Universidad de Costa Rica. Instituto de Investigaciones en Psicología |d San José, C.R.: Editorial de la UCR |o 07029 |t Actualidades en Psicología / | |
